[Event "Winnipeg TNT May op"]
[Site "Winnipeg CAN"]
[Date "2012.05.13"]
[Round "5.5"]
[White "Trueman, Francis"]
[Black "Leaden, Bruce"]
[Result "0-1"]
[WhiteElo "1529"]
[BlackElo "1479"]
[PlyCount "128"]
[GameId "2160767909509575"]
[EventDate "2012.05.01"]
[EventType "swiss"]
[EventRounds "5"]
[EventCountry "CAN"]
[SourceTitle "EXT 2022"]
[Source "ChessBase"]
[SourceDate "2021.10.06"]
[SourceVersion "1"]
[SourceVersionDate "2021.10.06"]
[SourceQuality "1"]

1. Nf3 c5 2. d3 Nc6 3. g3 g6 4. Bg2 Bg7 5. O-O e5 6. e4 Nge7 7. Nbd2 b5 8. c3 O-O 9. h4 d6 10. Nh2 f5 11. Ndf3 f4 12. g4 h6 13. Kh1 a5 14. Rg1 Be6 15. Nd2 d5 16. Bf3 d4 17. g5 h5 18. Bxh5 gxh5 19. Qxh5 Bf7 20. Qf3 Qe8 21. Nb3 Bh5 22. Qh3 Qc8 23. Qxc8 Rfxc8 24. Nxc5 Nd8 25. cxd4 Ng6 26. Nd7 exd4 27. Nf6+ Bxf6 28. gxf6 Kf7 29. Rg5 Be2 30. h5 Bxd3 31. hxg6+ Kxf6 32. Bxf4 Bxe4+ 33. Kg1 Bxg6 34. Ng4+ Kg7 35. Ne5 Ra6 36. Nxg6 Rxg6 37. Be5+ Kf7 38. Rxg6 Kxg6 39. Bxd4 Ne6 40. Be3 Kf5 41. Rd1 Ke4 42. Rd6 Nc7 43. Rc6 Rg8+ 44. Kf1 Nd5 45. Ke2 Nxe3 46. Re6+ Kf4 47. Rxe3 Rg5 48. Kd2 b4 49. a3 Rd5+ 50. Kc2 Rc5+ 51. Kb3 bxa3 52. bxa3 Rb5+ 53. Ka4 Rb2 54. Kxa5 Rxf2 55. a4 Kxe3 56. Kb5 Kd4 57. a5 Kd5 58. Kb6 Rb2+ 59. Ka7 Kc5 60. a6 Kc6 61. Ka8 Kb6 62. a7 Rg2 63. Kb8 Rg7 64. a8=Q Rg8# 0-1

[Event "Winnipeg TNT May op"]
[Site "Winnipeg CAN"]
[Date "2012.05.29"]
[Round "5.5"]
[White "Avena, Danilo"]
[Black "Czarny, Keith"]
[Result "1-0"]
[WhiteElo "1794"]
[BlackElo "1704"]
[PlyCount "59"]
[GameId "2160767909509576"]
[EventDate "2012.05.01"]
[EventType "swiss"]
[EventRounds "5"]
[EventCountry "CAN"]
[SourceTitle "EXT 2022"]
[Source "ChessBase"]
[SourceDate "2021.10.06"]
[SourceVersion "1"]
[SourceVersionDate "2021.10.06"]
[SourceQuality "1"]

1. d4 f5 2. Nc3 Nf6 3. Bf4 g6 4. h3 Bg7 5. Nf3 O-O 6. e3 Nc6 7. Bc4+ e6 8. h4 d5 9. Bb3 Na5 10. Nb5 Ne8 11. h5 Nxb3 12. axb3 a6 13. hxg6 hxg6 14. Ne5 Nf6 15. Nxg6 Rf7 16. Qf3 Bd7 17. Nc3 Nh7 18. Qh3 Bf8 19. Be5 Qg5 20. Nxf8 Kxf8 21. Bxc7 e5 22. Bxe5 f4 23. Qh6+ Qxh6 24. Rxh6 fxe3 25. fxe3 Ke7 26. Nxd5+ Kd8 27. Nb6 Rc8 28. Nxc8 Bxc8 29. O-O-O Ng5 30. Bf6+ 1-0

[Event "Winnipeg TNT May op"]
[Site "Winnipeg CAN"]
[Date "2012.05.29"]
[Round "5.5"]
[White "Baron, Cody"]
[Black "Rutter, Blair"]
[Result "0-1"]
[WhiteElo "1462"]
[BlackElo "1874"]
[PlyCount "52"]
[GameId "2160767909509577"]
[EventDate "2012.05.01"]
[EventType "swiss"]
[EventRounds "5"]
[EventCountry "CAN"]
[SourceTitle "EXT 2022"]
[Source "ChessBase"]
[SourceDate "2021.10.06"]
[SourceVersion "1"]
[SourceVersionDate "2021.10.06"]
[SourceQuality "1"]

1. e4 e6 2. d4 d5 3. Nc3 Nf6 4. Bg5 Be7 5. e5 Nfd7 6. Bxe7 Qxe7 7. f4 a6 8. Nf3 c5 9. Be2 Nc6 10. dxc5 Qxc5 11. Qd2 b5 12. a3 b4 13. Na4 Qa5 14. axb4 Qxb4 15. c3 Qb7 16. b4 O-O 17. O-O Qa7+ 18. Kh1 d4 19. Nxd4 Nxd4 20. Qxd4 Qc7 21. Qd6 Qa7 22. Bd3 Bb7 23. Qe7 Nxe5 24. Qd6 Ng4 25. Nc5 Rad8 26. Nd7 Rxd7 0-1

[Event "Winnipeg TNT May op"]
[Site "Winnipeg CAN"]
[Date "2012.05.29"]
[Round "5.5"]
[White "Boron, Anthony"]
[Black "Kaptsan, Aron"]
[Result "1/2-1/2"]
[WhiteElo "2063"]
[BlackElo "1973"]
[PlyCount "85"]
[GameId "2160767909509578"]
[EventDate "2012.05.01"]
[EventType "swiss"]
[EventRounds "5"]
[EventCountry "CAN"]
[SourceTitle "EXT 2022"]
[Source "ChessBase"]
[SourceDate "2021.10.06"]
[SourceVersion "1"]
[SourceVersionDate "2021.10.06"]
[SourceQuality "1"]

1. e4 e5 2. Nf3 Nc6 3. Bc4 Be7 4. d4 d6 5. c3 Nf6 6. Qe2 O-O 7. O-O Bg4 8. Be3 Nxe4 9. d5 Nb8 10. Bxa7 Nxc3 11. Nxc3 Bxf3 12. Qxf3 Rxa7 13. Rac1 c5 14. g3 Nd7 15. Qg2 Nb6 16. Bd3 g6 17. g4 Na4 18. Nd1 Qa5 19. Rc2 b5 20. b3 Nb6 21. f4 exf4 22. Rxf4 Bg5 23. Rf1 c4 24. bxc4 bxc4 25. Bxc4 Qc5+ 26. Qf2 Qxf2+ 27. Rfxf2 Ra5 28. Bb3 Nxd5 29. Rf3 Nb4 30. Rc7 d5 31. Nc3 d4 32. Ne4 Be3+ 33. Kg2 Bg5 34. Rfxf7 Rxf7 35. Rxf7 Kh8 36. Kg3 Re5 37. Kf3 d3 38. Nxg5 Rxg5 39. h4 Re5 40. g5 Re8 41. Rd7 Ra8 42. Ke3 Nxa2 43. Bxa2 1/2-1/2

[Event "Winnipeg TNT May op"]
[Site "Winnipeg CAN"]
[Date "2012.05.29"]
[Round "5.5"]
[White "Green, Aaron"]
[Black "Bince, Rolando"]
[Result "1/2-1/2"]
[WhiteElo "1970"]
[BlackElo "2084"]
[PlyCount "97"]
[GameId "2160767909509579"]
[EventDate "2012.05.01"]
[EventType "swiss"]
[EventRounds "5"]
[EventCountry "CAN"]
[SourceTitle "EXT 2022"]
[Source "ChessBase"]
[SourceDate "2021.10.06"]
[SourceVersion "1"]
[SourceVersionDate "2021.10.06"]
[SourceQuality "1"]

1. e4 e6 2. d4 d5 3. Nc3 Nf6 4. e5 Nfd7 5. f4 Bb4 6. Qg4 g6 7. a3 Bxc3+ 8. bxc3 c5 9. Qd1 Nc6 10. Nf3 Qa5 11. Bd2 Qa4 12. Be3 b6 13. Be2 Ba6 14. O-O Rc8 15. Bxa6 Qxa6 16. Rf2 Na5 17. Qe2 Nc4 18. Nd2 cxd4 19. Nxc4 Rxc4 20. cxd4 Qa4 21. Qd3 O-O 22. c3 f5 23. Rb2 Rfc8 24. Bd2 a5 25. Kf2 Qc6 26. Rab1 Kg7 27. Rb3 Qc7 28. g3 Qd8 29. h4 Qe7 30. Ra1 R8c6 31. Rab1 h6 32. Qf3 h5 33. Qd3 Qd8 34. Rb5 Qc8 35. Rc1 Qa6 36. Qb1 Qc8 37. Qd3 Nb8 38. Rb3 a4 39. Rb5 Qf8 40. Rcb1 Qxa3 41. Rxb6 Rxb6 42. Rxb6 Nc6 43. Qb1 Nd8 44. Rd6 Nf7 45. Rxe6 Rxc3 46. Bxc3 Qxc3 47. Qb6 Qd2+ 48. Kf3 Qd3+ 49. Kf2 1/2-1/2

[Event "Winnipeg TNT May op"]
[Site "Winnipeg CAN"]
[Date "2012.05.29"]
[Round "5.5"]
[White "Green, Jim"]
[Black "Currie, James"]
[Result "0-1"]
[WhiteElo "1772"]
[BlackElo "1949"]
[PlyCount "121"]
[GameId "2160767909509580"]
[EventDate "2012.05.01"]
[EventType "swiss"]
[EventRounds "5"]
[EventCountry "CAN"]
[SourceTitle "EXT 2022"]
[Source "ChessBase"]
[SourceDate "2021.10.06"]
[SourceVersion "1"]
[SourceVersionDate "2021.10.06"]
[SourceQuality "1"]

1. e4 d5 2. exd5 Nf6 3. Nf3 Nxd5 4. d4 Nc6 5. c4 Nf6 6. Nc3 g6 7. Be2 Bg7 8. O-O O-O 9. d5 Nb8 10. Re1 h6 11. Be3 Nbd7 12. h3 c5 13. Qd2 Kh7 14. Rad1 Qa5 15. Qc2 Ne8 16. Bd2 Nd6 17. b3 Qd8 18. Bd3 Nf6 19. Nh4 a6 20. Re2 Kg8 21. Rde1 g5 22. Nf5 Bxf5 23. Bxf5 Re8 24. Bd3 Qd7 25. Ne4 b6 26. Nxf6+ Bxf6 27. Bc3 Kg7 28. Bxf6+ exf6 29. Rxe8 Rxe8 30. Rxe8 Qxe8 31. Qb1 Qe5 32. a4 a5 33. Qc2 f5 34. f3 Qd4+ 35. Kf1 Kf6 36. g4 fxg4 37. hxg4 Kg7 38. Kg2 Ne8 39. Bf5 Nd6 40. Bd3 h5 41. gxh5 Kh6 42. Be2 f5 43. Bd3 Qf6 44. Qe2 Kxh5 45. f4+ g4 46. Qe6 Qxe6 47. dxe6 Kg6 48. Kg3 Kf6 49. Kh4 Kxe6 50. Kg3 Ne8 51. Kf2 Ng7 52. Ke3 Kf6 53. Bf1 Ne6 54. Be2 Kg6 55. Bd3 Nd4 56. Be2 Nxe2 57. Kxe2 Kh5 58. Kf2 Kh4 59. Kg2 g3 60. Kg1 Kg4 61. Kg2 0-1

[Event "Winnipeg TNT May op"]
[Site "Winnipeg CAN"]
[Date "2012.05.29"]
[Round "5.5"]
[White "Ma, Derek"]
[Black "De Groot, Steven"]
[Result "0-1"]
[WhiteElo "1454"]
[BlackElo "1858"]
[PlyCount "76"]
[GameId "2160767909509581"]
[EventDate "2012.05.01"]
[EventType "swiss"]
[EventRounds "5"]
[EventCountry "CAN"]
[SourceTitle "EXT 2022"]
[Source "ChessBase"]
[SourceDate "2021.10.06"]
[SourceVersion "1"]
[SourceVersionDate "2021.10.06"]
[SourceQuality "1"]

1. e4 c5 2. Nf3 d6 3. d4 cxd4 4. Nxd4 Nf6 5. Nc3 a6 6. Bd3 e5 7. Nb3 Be6 8. O-O Be7 9. Qf3 O-O 10. Qg3 Kh8 11. f4 exf4 12. Bxf4 Nh5 13. Qe1 Nxf4 14. Rxf4 Bg5 15. Rf1 Nc6 16. Nd5 Ne5 17. Qc3 Rc8 18. Qd4 Nc6 19. Qf2 Ne5 20. Qd4 Nc6 21. Qf2 f5 22. Nb6 fxe4 23. Qxf8+ Qxf8 24. Rxf8+ Rxf8 25. Re1 Bxb3 26. Rxe4 Bf7 27. h4 Bf6 28. c3 d5 29. Rf4 Ne5 30. Bc2 Be6 31. Bb3 Rd8 32. g3 Nd3 33. Rf3 Nxb2 34. Re3 Bf7 35. Nxd5 Bxd5 36. Bxd5 Nd1 37. Re1 Nxc3 38. Bxb7 a5 0-1

[Event "Winnipeg TNT May op"]
[Site "Winnipeg CAN"]
[Date "2012.05.29"]
[Round "5.5"]
[White "Moncal, Nilo"]
[Black "Schulz, Waldemar"]
[Result "0-1"]
[WhiteElo "2147"]
[BlackElo "2035"]
[PlyCount "92"]
[GameId "2160767909509582"]
[EventDate "2012.05.01"]
[EventType "swiss"]
[EventRounds "5"]
[EventCountry "CAN"]
[SourceTitle "EXT 2022"]
[Source "ChessBase"]
[SourceDate "2021.10.06"]
[SourceVersion "1"]
[SourceVersionDate "2021.10.06"]
[SourceQuality "1"]

1. e4 c5 2. Nf3 Nc6 3. d4 cxd4 4. Nxd4 e5 5. Nb3 Nf6 6. f3 d5 7. exd5 Qxd5 8. Qxd5 Nxd5 9. Bd2 Bf5 10. c3 Be7 11. Bc4 Rd8 12. O-O O-O 13. Re1 a6 14. a4 Nb6 15. Bf1 Bc2 16. Be3 Nd5 17. N1d2 Nxe3 18. Rxe3 Bg5 19. Re2 Bd3 20. Ne4 Bxe2 21. Bxe2 Be7 22. Kf1 Rfe8 23. Bc4 Kf8 24. Ke2 Rc8 25. Nbd2 Red8 26. g4 Nb8 27. h4 Nd7 28. Bd5 Rc7 29. Ba2 Nc5 30. Nxc5 Bxc5 31. Ne4 f6 32. h5 Ke7 33. b4 Ba7 34. b5 a5 35. c4 Bc5 36. Rh1 b6 37. Nc3 Bb4 38. Ne4 Rd4 39. Rc1 Rcd7 40. Bb1 g6 41. hxg6 hxg6 42. c5 bxc5 43. Nxc5 Rd2+ 44. Ke3 Rc7 45. Bxg6 Ra2 46. b6 Bxc5+ 0-1

[Event "Winnipeg TNT October op"]
[Site "Winnipeg CAN"]
[Date "2012.10.02"]
[Round "1"]
[White "Baron, Cody"]
[Black "Moncal, Nilo"]
[Result "0-1"]
[WhiteElo "1746"]
[BlackElo "2105"]
[PlyCount "68"]
[GameId "2160767909445016"]
[EventDate "2012.10.02"]
[EventType "swiss"]
[EventRounds "5"]
[EventCountry "CAN"]
[SourceTitle "EXT 2022"]
[Source "ChessBase"]
[SourceDate "2021.10.06"]
[SourceVersion "1"]
[SourceVersionDate "2021.10.06"]
[SourceQuality "1"]

1. Nf3 d5 2. d4 Nf6 3. b3 Bf5 4. Bb2 e6 5. Nbd2 Nbd7 6. Nh4 Bg6 7. Nxg6 hxg6 8. e3 Bd6 9. h3 Qe7 10. a3 e5 11. c3 c6 12. Be2 g5 13. dxe5 Nxe5 14. Nf3 Nxf3+ 15. Bxf3 O-O-O 16. g4 Kb8 17. Qc2 Ne4 18. Bxe4 dxe4 19. c4 Be5 20. Kf1 Qf6 21. Bxe5+ Qxe5 22. Kg2 f5 23. gxf5 Qxf5 24. Qe2 Rh4 25. Rh2 g4 26. hxg4 Rxg4+ 27. Kh1 Qg5 28. Rd1 Rd3 29. Rb1 Rh4 30. Rxh4 Qxh4+ 31. Kg2 Rd6 32. f4 Rg6+ 33. Kf1 Qh1+ 34. Kf2 Rg2# 0-1

[Event "Winnipeg TNT October op"]
[Site "Winnipeg CAN"]
[Date "2012.10.02"]
[Round "1"]
[White "Kernetsky, Myron"]
[Black "Czarny, Keith"]
[Result "1-0"]
[WhiteElo "2068"]
[BlackElo "1658"]
[PlyCount "59"]
[GameId "2160767909445018"]
[EventDate "2012.10.02"]
[EventType "swiss"]
[EventRounds "5"]
[EventCountry "CAN"]
[SourceTitle "EXT 2022"]
[Source "ChessBase"]
[SourceDate "2021.10.06"]
[SourceVersion "1"]
[SourceVersionDate "2021.10.06"]
[SourceQuality "1"]

1. d4 e6 2. c4 b6 3. Nc3 Bb7 4. a3 Nf6 5. Nf3 Be7 6. d5 O-O 7. e4 exd5 8. exd5 Re8 9. Be2 c6 10. O-O cxd5 11. cxd5 Bd6 12. Bg5 h6 13. Bh4 Qc7 14. Bxf6 gxf6 15. Rc1 Qd8 16. Bd3 Bf4 17. Rc2 Na6 18. Re2 Nc5 19. Bb1 f5 20. Rxe8+ Qxe8 21. Bxf5 Qf8 22. Nd4 Re8 23. Qg4+ Bg5 24. h4 Ba6 25. Rd1 Qg7 26. hxg5 hxg5 27. Bb1 d6 28. Nf5 Qf6 29. Qh5 Ne4 30. Nxe4 1-0

[Event "Winnipeg TNT October op"]
[Site "Winnipeg CAN"]
[Date "2012.10.02"]
[Round "1"]
[White "Lauritson, Jim"]
[Black "Leaden, Bruce"]
[Result "0-1"]
[WhiteElo "2045"]
[BlackElo "1567"]
[PlyCount "72"]
[GameId "2160767909445019"]
[EventDate "2012.10.02"]
[EventType "swiss"]
[EventRounds "5"]
[EventCountry "CAN"]
[SourceTitle "EXT 2022"]
[Source "ChessBase"]
[SourceDate "2021.10.06"]
[SourceVersion "1"]
[SourceVersionDate "2021.10.06"]
[SourceQuality "1"]

1. d4 d5 2. c4 e6 3. Nc3 Bb4 4. cxd5 exd5 5. Nf3 Nf6 6. Bg5 O-O 7. e3 Be6 8. Bd3 h6 9. Bh4 Nbd7 10. Qc2 c5 11. O-O c4 12. Be2 Be7 13. Ne5 Nxe5 14. dxe5 Nd7 15. Bg3 a6 16. Rad1 Qa5 17. f4 f5 18. Bf3 Nb6 19. Be1 Qc5 20. Bf2 Qc6 21. Kh1 Rad8 22. Rg1 Rd7 23. g4 fxg4 24. Bxg4 Bxg4 25. Rxg4 d4+ 26. Ne4 d3 27. Qc3 Qxe4+ 28. Rg2 Nd5 29. Qc1 Bc5 30. Re1 Ne7 31. Qd1 Nf5 32. Qg4 d2 33. Rd1 Bxe3 34. Qe2 Qxf4 35. e6 Re7 36. Rf1 Qe4 0-1

[Event "Winnipeg TNT October op"]
[Site "Winnipeg CAN"]
[Date "2012.10.02"]
[Round "1"]
[White "Melamedoff, Gustavo"]
[Black "Towns, Barry"]
[Result "1-0"]
[WhiteElo "2097"]
[BlackElo "1694"]
[PlyCount "81"]
[GameId "2160767909445020"]
[EventDate "2012.10.02"]
[EventType "swiss"]
[EventRounds "5"]
[EventCountry "CAN"]
[SourceTitle "EXT 2022"]
[Source "ChessBase"]
[SourceDate "2021.10.06"]
[SourceVersion "1"]
[SourceVersionDate "2021.10.06"]
[SourceQuality "1"]

1. e4 e5 2. Nf3 Nc6 3. Bb5 Nf6 4. d3 d6 5. Nc3 a6 6. Bxc6+ bxc6 7. O-O Be7 8. h3 O-O 9. Ne2 Re8 10. b3 Bb7 11. Ng3 Bf8 12. Bb2 c5 13. Qd2 g6 14. Rae1 a5 15. a4 Bg7 16. Nh2 d5 17. Nf3 d4 18. Nh2 Qd6 19. Bc1 Kh8 20. Qg5 Ng8 21. Qh4 Bc8 22. Ng4 Bf8 23. Bg5 Re6 24. f4 f6 25. Nxf6 Nxf6 26. fxe5 Rxe5 27. Bxf6+ Bg7 28. Bxe5 Bxe5 29. Rf7 Bg7 30. Qe7 Qxe7 31. Rxe7 Bf6 32. Re8+ Kg7 33. Rf1 Bb7 34. Rxa8 Bxa8 35. Ne2 g5 36. Rf5 Be7 37. Ng3 Kg6 38. Nf1 h5 39. Nd2 Bc6 40. Nc4 Bd7 41. Ne5+ 1-0

[Event "Winnipeg TNT October op"]
[Site "Winnipeg CAN"]
[Date "2012.10.02"]
[Round "1"]
[White "Platt, Alex"]
[Black "Cleto, Sam"]
[Result "0-1"]
[WhiteElo "2204"]
[BlackElo "1834"]
[PlyCount "86"]
[GameId "2160767909445022"]
[EventDate "2012.10.02"]
[EventType "swiss"]
[EventRounds "5"]
[EventCountry "CAN"]
[SourceTitle "EXT 2022"]
[Source "ChessBase"]
[SourceDate "2021.10.06"]
[SourceVersion "1"]
[SourceVersionDate "2021.10.06"]
[SourceQuality "1"]

1. e4 e5 2. Nf3 Nc6 3. Bb5 a6 4. Ba4 Nf6 5. O-O d6 6. c3 Be7 7. Re1 O-O 8. d3 Bg4 9. h3 b5 10. Bc2 Bh5 11. Nbd2 b4 12. Nf1 a5 13. Ng3 Bg6 14. d4 Nd7 15. Ba4 Ncb8 16. Bd2 c5 17. a3 cxd4 18. cxd4 exd4 19. axb4 axb4 20. Bxb4 Qb6 21. Qxd4 Nc5 22. Bc2 Rxa1 23. Rxa1 Nc6 24. Bxc5 dxc5 25. Qc3 Rb8 26. Rb1 Bf6 27. e5 Bxc2 28. Qxc2 Nxe5 29. Nxe5 Bxe5 30. Ne4 Rc8 31. b3 Qg6 32. Rd1 Re8 33. Qc4 Qh5 34. Qd5 h6 35. Nxc5 Qe2 36. Qd3 Qh5 37. b4 Qh4 38. b5 Qb4 39. Ne4 Bc7 40. Nc3 Re6 41. Nd5 Re1+ 42. Rxe1 Qxe1+ 43. Qf1 Bh2+ 0-1

[Event "Winnipeg TNT October op"]
[Site "Winnipeg CAN"]
[Date "2012.10.02"]
[Round "1"]
[White "Reimer, Bruce"]
[Black "Mundwiler, Les"]
[Result "0-1"]
[WhiteElo "1568"]
[BlackElo "2054"]
[PlyCount "112"]
[GameId "2160767909445023"]
[EventDate "2012.10.02"]
[EventType "swiss"]
[EventRounds "5"]
[EventCountry "CAN"]
[SourceTitle "EXT 2022"]
[Source "ChessBase"]
[SourceDate "2021.10.06"]
[SourceVersion "1"]
[SourceVersionDate "2021.10.06"]
[SourceQuality "1"]

1. c4 Nf6 2. Nc3 d6 3. g3 Nbd7 4. Bg2 c6 5. e4 e5 6. Nge2 Be7 7. O-O a6 8. d3 h5 9. Be3 Ng4 10. Qd2 h4 11. f3 Nxe3 12. Qxe3 hxg3 13. hxg3 Nc5 14. b4 Ne6 15. d4 exd4 16. Nxd4 Nxd4 17. Qxd4 Bf6 18. Qe3 Bh3 19. Bxh3 Rxh3 20. Kg2 Rh8 21. Rh1 Rg8 22. Rad1 Bxc3 23. Qxc3 Qe7 24. Qe3 O-O-O 25. Qa7 f5 26. Rhe1 fxe4 27. Rxe4 Qf6 28. Rde1 Qb2+ 29. R1e2 Qxb4 30. Qa8+ Kc7 31. Re7+ Kb6 32. Qxb7+ Kc5 33. Qa7+ Qb6 34. Qxb6+ Kxb6 35. Rb2+ Kc5 36. Ra7 Ra8 37. Re7 a5 38. Re6 a4 39. Rd2 Rgd8 40. Kf2 a3 41. Re3 Rdb8 42. Re6 Rb2 43. Rexd6 Rxd2+ 44. Rxd2 Kxc4 45. Rc2+ Kb5 46. Rc3 c5 47. Ke2 c4 48. Ke3 Kb4 49. Rc2 Rd8 50. Rd2 Re8+ 51. Kf2 Kc3 52. Rd7 Rb8 53. Re7 Rb2+ 54. Re2 Rxe2+ 55. Kxe2 Kb2 56. Kd2 c3+ 0-1

[Event "Winnipeg TNT October op"]
[Site "Winnipeg CAN"]
[Date "2012.10.02"]
[Round "1"]
[White "Rutter, Blair"]
[Black "Babb, Jeff"]
[Result "0-1"]
[WhiteElo "2209"]
[BlackElo "1838"]
[PlyCount "92"]
[GameId "2160767909445024"]
[EventDate "2012.10.02"]
[EventType "swiss"]
[EventRounds "5"]
[EventCountry "CAN"]
[SourceTitle "EXT 2022"]
[Source "ChessBase"]
[SourceDate "2021.10.06"]
[SourceVersion "1"]
[SourceVersionDate "2021.10.06"]
[SourceQuality "1"]

1. c4 Nf6 2. g3 d5 3. Bg2 d4 4. d3 g6 5. Nf3 Bg7 6. O-O Nc6 7. a3 a5 8. Nbd2 O-O 9. Nb3 Qd6 10. Bd2 a4 11. c5 Qd8 12. Nc1 Nd5 13. Na2 e5 14. Nb4 Nce7 15. Qc2 c6 16. e4 Nc7 17. Rae1 Be6 18. h3 h6 19. Kh2 Bb3 20. Qc1 Kh7 21. Nh4 Ng8 22. f4 exf4 23. Bxf4 g5 24. Bxc7 Qxc7 25. Nf5 Be5 26. Rf3 Rae8 27. Nc2 Ne7 28. Ncxd4 Nxf5 29. Nxf5 Rd8 30. Re2 Rd7 31. Qe3 Bd1 32. Rd2 Bxf3 33. Bxf3 Rfd8 34. d4 Bxd4 35. Rxd4 Rxd4 36. Nxd4 Qe5 37. Ne2 Qxb2 38. e5 Kg7 39. h4 Qd2 40. Qe4 Qd3 41. Qg4 Qe3 42. hxg5 hxg5 43. Kg2 Qxe5 44. Qc4 Rd2 45. g4 Qe3 46. Kg3 Rd3 0-1

[Event "Winnipeg TNT October op"]
[Site "Winnipeg CAN"]
[Date "2012.10.02"]
[Round "1"]
[White "Schulz, Waldemar"]
[Black "Dykman, Tony"]
[Result "1-0"]
[WhiteElo "2009"]
[BlackElo "1213"]
[PlyCount "59"]
[GameId "2160767909445025"]
[EventDate "2012.10.02"]
[EventType "swiss"]
[EventRounds "5"]
[EventCountry "CAN"]
[SourceTitle "EXT 2022"]
[Source "ChessBase"]
[SourceDate "2021.10.06"]
[SourceVersion "1"]
[SourceVersionDate "2021.10.06"]
[SourceQuality "1"]

1. d4 e6 2. c4 Nf6 3. Nf3 h6 4. Nc3 Nc6 5. e4 b6 6. Bd3 Bb7 7. O-O d5 8. cxd5 exd5 9. e5 Nd7 10. Re1 Be7 11. Nxd5 Nf8 12. Nxe7 Qxe7 13. d5 Nd8 14. d6 Qd7 15. dxc7 Qxc7 16. Be3 Nde6 17. Rc1 Qd7 18. a4 a6 19. Bxb6 Ng6 20. Bxg6 Qxd1 21. Bxf7+ Kxf7 22. Rexd1 Rhc8 23. Kf1 Kg8 24. Be3 Bc6 25. Rd6 Bb5+ 26. axb5 Rxc1+ 27. Bxc1 Rc8 28. Be3 Nf8 29. bxa6 Ra8 30. a7 1-0

[Event "Winnipeg TNT October op"]
[Site "Winnipeg CAN"]
[Date "2012.10.02"]
[Round "1"]
[White "Sharma, Gautam"]
[Black "Boron, Anthony"]
[Result "0-1"]
[WhiteElo "1358"]
[BlackElo "2037"]
[PlyCount "42"]
[GameId "2160767909445026"]
[EventDate "2012.10.02"]
[EventType "swiss"]
[EventRounds "5"]
[EventCountry "CAN"]
[SourceTitle "EXT 2022"]
[Source "ChessBase"]
[SourceDate "2021.10.06"]
[SourceVersion "1"]
[SourceVersionDate "2021.10.06"]
[SourceQuality "1"]

1. e4 c5 2. Bc4 e6 3. a3 a6 4. Ba2 Nc6 5. c4 g6 6. Nf3 Bg7 7. d3 Nge7 8. O-O Nd4 9. Re1 Nec6 10. Nbd2 Qa5 11. Rb1 d6 12. h3 e5 13. Nb3 Nxf3+ 14. gxf3 Qd8 15. Kg2 O-O 16. f4 Qh4 17. Qf3 exf4 18. Bxf4 Bxh3+ 19. Kg1 Ne5 20. Bxe5 Bxe5 21. Qh1 Qg4+ 0-1

[Event "Winnipeg TNT October op"]
[Site "Winnipeg CAN"]
[Date "2012.10.02"]
[Round "1"]
[White "Wolchock, Theo"]
[Black "Kaptsan, Aron"]
[Result "0-1"]
[WhiteElo "1688"]
[BlackElo "2087"]
[PlyCount "138"]
[GameId "2160767909445027"]
[EventDate "2012.10.02"]
[EventType "swiss"]
[EventRounds "5"]
[EventCountry "CAN"]
[SourceTitle "EXT 2022"]
[Source "ChessBase"]
[SourceDate "2021.10.06"]
[SourceVersion "1"]
[SourceVersionDate "2021.10.06"]
[SourceQuality "1"]

1. c4 Nf6 2. g3 g6 3. Bg2 Bg7 4. Nc3 O-O 5. e3 e5 6. Nge2 d6 7. O-O c6 8. d4 Nbd7 9. b3 Re8 10. Bb2 Qc7 11. Rc1 Nf8 12. Qd2 Bf5 13. Rfd1 Rad8 14. d5 c5 15. Nb5 Qb8 16. b4 a6 17. Na3 b6 18. Nb1 Qc8 19. a3 Bh3 20. Nbc3 Bxg2 21. Kxg2 Qg4 22. Ng1 e4 23. Qe2 Qc8 24. Na4 Qc7 25. Rb1 Rb8 26. Rdc1 N8d7 27. Qc2 Ne5 28. Bxe5 Rxe5 29. Nc3 Ree8 30. Qd2 Nd7 31. Qc2 f5 32. Nh3 cxb4 33. axb4 Qxc4 34. Qd2 Rec8 35. Ne2 Qb5 36. Nhf4 Ne5 37. Nd4 Qd7 38. Qe2 Qb7 39. Ra1 b5 40. Qd1 Nd3 41. Nxd3 Bxd4 42. exd4 exd3 43. Qxd3 Qxd5+ 44. Kg1 Rc4 45. Rxc4 bxc4 46. Qc3 Qb5 47. Qe3 Re8 48. Qc3 d5 49. Ra5 Qb7 50. Qf3 Rd8 51. Qe3 Kf7 52. Qh6 Ke8 53. Qe3+ Qe7 54. Qxe7+ Kxe7 55. Rxa6 Rc8 56. Ra1 c3 57. Kf1 Rc4 58. Rc1 Kd6 59. Ke2 Rxd4 60. Rxc3 Rxb4 61. Kd3 Rb2 62. Ke3 g5 63. Ra3 f4+ 64. gxf4 gxf4+ 65. Kxf4 Rxf2+ 66. Kg3 Rf7 67. Ra6+ Ke5 68. Ra5 Ke4 69. Ra4+ d4 0-1

[Event "Winnipeg TNT October op"]
[Site "Winnipeg CAN"]
[Date "2012.10.09"]
[Round "2"]
[White "Babb, Jeff"]
[Black "Boron, Anthony"]
[Result "1-0"]
[WhiteElo "2209"]
[BlackElo "2037"]
[PlyCount "44"]
[GameId "2160767909445028"]
[EventDate "2012.10.02"]
[EventType "swiss"]
[EventRounds "5"]
[EventCountry "CAN"]
[SourceTitle "EXT 2022"]
[Source "ChessBase"]
[SourceDate "2021.10.06"]
[SourceVersion "1"]
[SourceVersionDate "2021.10.06"]
[SourceQuality "1"]

1. f4 d5 2. Nf3 g6 3. g3 Bg7 4. Bg2 c6 5. c3 Nh6 6. d3 O-O 7. O-O Nd7 8. Na3 Nf6 9. Nc2 Nf5 10. Qe1 Nd6 11. Ne5 Ng4 12. Nxg4 Bxg4 13. e4 dxe4 14. dxe4 Qb6+ 15. Kh1 Bd7 16. Ne3 e5 17. f5 Rad8 18. b3 Qa6 19. a4 Bc8 20. f6 Bh8 21. Ba3 Rfe8 22. Rd1 Qb6 1-0

[Event "Winnipeg TNT October op"]
[Site "Winnipeg CAN"]
[Date "2012.10.09"]
[Round "2"]
[White "Cleto, Sam"]
[Black "Kernetsky, Myron"]
[Result "0-1"]
[WhiteElo "1854"]
[BlackElo "2068"]
[PlyCount "94"]
[GameId "2160767909445029"]
[EventDate "2012.10.02"]
[EventType "swiss"]
[EventRounds "5"]
[EventCountry "CAN"]
[SourceTitle "EXT 2022"]
[Source "ChessBase"]
[SourceDate "2021.10.06"]
[SourceVersion "1"]
[SourceVersionDate "2021.10.06"]
[SourceQuality "1"]

1. d4 Nf6 2. c4 e6 3. Nf3 b6 4. g3 Bb7 5. Bg2 Be7 6. O-O O-O 7. Nc3 Ne4 8. Qc2 Nxc3 9. Qxc3 Bf6 10. Qd3 g6 11. e4 d6 12. Bh6 Re8 13. Rad1 Nd7 14. b4 a5 15. a3 axb4 16. axb4 Ra4 17. e5 Be7 18. b5 Qa8 19. exd6 cxd6 20. d5 Nc5 21. Qc3 e5 22. Rfe1 Ra3 23. Qb2 Nd3 24. Rxd3 Rxd3 25. Ra1 Qb8 26. Ne1 Rd4 27. Bf1 Qc7 28. Rc1 Bc8 29. Be3 Re4 30. Bd3 Rxe3 31. fxe3 Qc5 32. Kf2 Bg5 33. Nc2 f5 34. Qb4 Qc7 35. Re1 Rf8 36. Kg2 Qd7 37. Bf1 f4 38. exf4 Qf5 39. Qc3 exf4 40. Nd4 Qf6 41. Bd3 f3+ 42. Kf2 Bg4 43. Qa1 Bd2 44. Ne6 Bxe1+ 45. Qxe1 Qb2+ 46. Ke3 f2 47. Qf1 Rf3+ 0-1